• 首页
  • 本馆介绍
  • 公告通知
  • 最新文献
  • 馆藏检索
  • 电子资源
  • 读者导购
  • 参考咨询
  • 我的图书馆
  • 登录
  • 详细信息显示
  • 放入我的书架
  • 预约/预借图书
  • 作者相关作品
  • 分类相关作品
  • 丛书相关作品
  • 出版社相关作品

书目信息

  • 表格格式
  • 工作单格式
  • 卡片格式
题名:
木材干燥实用技术问答
    
 
作者: 王喜明 主编
分册:  
出版信息: 北京   化学工业出版社  2008
页数: 343页
开本: 21cm
丛书名:
单 册:
中图分类: S781.71
科图分类:
主题词: 木材干燥--基本知识 , 木材干燥
电子资源:
ISBN: 978-7-122-01072-8
000 00887nam0 2200241 45
001 1033029687
005 20100407164814.29
010    @a978-7-122-01072-8@dCNY28.00
100    @a20100331d2008 em y0chiy50 ea
101 0  @achi
102    @aCN@b110000
105    @ay z 000yy
106    @ar
200 1  @a木材干燥实用技术问答@AMu Cai Gan Zao Shi Yong Ji Shu Wen Da@f王喜明主编@FWang Xi Ming Zhu Bian
210    @a北京@c化学工业出版社@d2008
215    @a343页@d21cm
330    @a本书以问答的形式系统地回答了木材干燥生产过程中与木材干燥有关的木材性质、木材干燥的基础知识和相关理论,常规和特种木材干燥设备、木材干燥工艺技术、木材干燥自动控制、木材干燥质量控制与评价等方面的问题。
606 0  @a木材干燥@x基本知识
606 0  @a木材干燥
690    @aS781.71@v4
701  0 @a王喜明@AWang Xi Ming@c(木材)@4主编
801  0 @aCN@bTANGWEI@c20100407
905    @b0587692-96@dS781.71@e47@f5
    
    木材干燥实用技术问答/王喜明主编.-北京:化学工业出版社,2008
    343页;21cm
    
    
    ISBN 978-7-122-01072-8:CNY28.00
    本书以问答的形式系统地回答了木材干燥生产过程中与木材干燥有关的木材性质、木材干燥的基础知识和相关理论,常规和特种木材干燥设备、木材干燥工艺技术、木材干燥自动控制、木材干燥质量控制与评价等方面的问题。
●
相关链接 在E读中查询图书 在五车中查询图书 在当当中查询图书 在豆瓣中查询图书


正题名:木材干燥实用技术问答     索取号:S781.71/47         预约/预借

序号 登录号 条形码 馆藏地/架位号 状态 备注
1 0587692   205876925   第二样本阅览室/ [索取号:S781.71/47] 在馆    
2 0587693   205876934   第三借阅区/ [索取号:S781.71/47] 在馆    
3 0587694   205876943   第三借阅区/ [索取号:S781.71/47] 在馆    
4 0587695   205876952   第三借阅区/ [索取号:S781.71/47] 在馆    
5 0587696   205876961   第三借阅区/ [索取号:S781.71/47] 在馆    
唐山师范学院图书馆 欢迎您!
大连网信软件有限公司© 版权所有